Practical art of motion picture sound
Αποθηκεύτηκε σε:
| Κύριος συγγραφέας: | |
|---|---|
| Μορφή: | Βιβλίο |
| Γλώσσα: | English |
| Δημοσίευση: |
Amsterdam :
Focal Press,
2003
|
| Έκδοση: | 2nd ed. |
| Θέματα: | |
| Ετικέτες: |
Προσθήκη ετικέτας
Δεν υπάρχουν, Καταχωρήστε ετικέτα πρώτοι!
|
MARC
| LEADER | 00000nam a2200000 i 4500 | ||
|---|---|---|---|
| 001 | 1/73065 | ||
| 008 | 050310s2003 eng d | ||
| 020 | |a 0-24080525-9 | ||
| 035 | |l 10076991 | ||
| 040 | |a GR-MY-UA |b gre |e aacr | ||
| 041 | 0 | |a eng | |
| 082 | 0 | |a 778.52344 |2 (21) | |
| 100 | 1 | |a Yewdall, David Lewis |d 1950- | |
| 245 | 1 | 0 | |a Practical art of motion picture sound / |c David Lewis Yewdall |
| 250 | |a 2nd ed. | ||
| 260 | |a Amsterdam : |b Focal Press, |c 2003 | ||
| 300 | |a viii, 510 σ.; |b είκ.; |c 24 εκ.+ |e 1 οπτική δισκέτα λέϊζερ H/Y (4 3/4 ίν.) | ||
| 504 | |a Περιέχει γλωσσάριο και ευρετήριο | ||
| 650 | 0 | 0 | |a Television broadcasting |x Sound effects. |
| 650 | 0 | 0 | |a Sound motion pictures. |
| 650 | 0 | 0 | |a Television. |
| 852 | |a INST |b LESVOS |e 20050310 |h 778.52344 YEW |p 005100030113 |q 005100030113 |t BK |y 0 | ||
| 852 | |a INST |b LESVOS |e 20050310 |h 778.52344 YEW |p 005100030112 |q 005100030112 |t BK |y 0 | ||
| 901 | |a BIBL1-2005-1 | ||
| 909 | |a Λ |b 113705 | ||
| 909 | |a Λ |b 113706 | ||
| 920 | |a ΔΙΕΥΡΥΝΣΗ |b ΕΠΕΑΕΚ-ΠΤΕ |y ΛΕΣΒΟΣ |z 2004-10 | ||
| 970 | |a ΜΑΡΙΝΑΤΟΥ |b ΜΥΡΣΙΝΗ |z 2005/03/10 | ||